| 000 | 00680nam a22001937a 4500 | ||
|---|---|---|---|
| 003 | Ost | ||
| 005 | 20201003103101.0 | ||
| 008 | 201001b ||||| |||| 00| 0 eng d | ||
| 020 | _a9780415713481 | ||
| 040 | _cBT-PhCST | ||
| 050 | _a23503-23504 | ||
| 082 |
_222 _a577.16 _bPUL |
||
| 100 | _aPullen, Tim. | ||
| 245 |
_aAnaerobic digestion--making biogas--making energy : _bthe Earthscan expert guide / |
||
| 260 |
_aLondon ; New York : _bRoutledge, Taylor & Francis Group, _cc2015. |
||
| 300 |
_aix, 189 p. : _bcolor illustrations ; _c25 cm. |
||
| 500 | _a"Earthscan from Routledge"--Title page. Includes bibliographical references (pages179-182) and index. | ||
| 942 |
_2ddc _cCIVIL |
||
| 999 |
_c7915 _d7915 |
||